Business law (Record no. 7402)

MARC details
000 -LEADER
fixed length control field 01514nam a2200217za 4500
020 ## - INTERNATIONAL STANDARD BOOK NUMBER
ISBN 0748734155
020 ## - INTERNATIONAL STANDARD BOOK NUMBER
ISBN 9780748734153
050 ## - CALL NUMBER
Classification number KD1629.3
Item number .M37
100 ## - AUTHOR
Personal name Marsh S B
245 ## - TITLE
Title Business law
Statement of responsibility, etc S B Marsh; J Soulsby
250 ## - EDITION
Edition statement 7th
260 ## - PUBLICATION INFORMATION
Place of publication Cheltenham :
Name of publisher Stanley Thornes,
Year of publication ©1998.
300 ## - DESCRIPTION
Number of Pages xxi, 377 pages ;
Dimensions 25 cm
500 ## - NOTES
General note Includes index
505 ## - FORMATTED CONTENTS NOTE
Table of Content The nature and development of English law; <br/>Sources of law; <br/>The English court system; <br/>Other courts and tribunals; <br/>Court proceedings; <br/>Legal personality, capacity and agency;<br/>Business Association;<br/>Companies: formation and public controls<br/>Financial structure of companies;<br/>Companies: Membership and Management; <br/>Liability for wrongful acts; <br/>Negligence; <br/>Further principles of liability of tort; <br/>The nature of a contract in English law; <br/>Agreement; <br/>Matters which affect the validity of contracts; <br/>The terms of the bargain; <br/>Performance, breach and remedies; <br/>Discharge, limitation and privity; <br/>Contracts and public policy; <br/>Sale and supply of goods - obligation of parties; <br/>Sale of goods - ownership and risk; <br/>Product liability; <br/>Credit and security; <br/>The employment relationship; <br/>Terms of employment; <br/>Occupational safety; <br/>Compensation for industrial injuries; <br/>Notice and dismissal; <br/>Redundancy payments and other rights.
650 ## - SUBJECTS
Topical Term Commercial law -- Great Britain.
650 ## - SUBJECTS
Topical Term Law -- Great Britain.
650 ## - SUBJECTS
Topical Term Commercial law.
700 ## - OTHER AUTHORS
Personal name Soulsby J
942 ## - ADDED ENTRY ELEMENTS (KOHA)
Koha item type Books
Holdings
Withdrawn status Lost status Collection code Home library Current library Shelving location Date acquired Full call number Accession Number Koha item type
    Reference Methodist University Library Main Methodist University Library Main General Stacks   KD1629.3 .M37 11810 Books
Copyright © 2026  MUG Library